000
00321nam a2200133Ia 4500
008
150201s2006 xx 000 0 und d
082
_a
617.3
_b
H06G
100
_a
GOPALAN U, HITESH
245
_a
HB OF ORTHOPAEDICS
250
_a
1ST
260
_b
JAYPEE BROTHERS
_a
DELHI
_c
2006
650
_a
ORTHOPAEDICS
942
_2
ddc
_c
BK
999
_c
1056
_d
1056